LEADER 00884nam a2200217 i 4500 001 000000122620 003 CaOOAMICUS 005 20260424151528.0 008 040206s1949 it u000 u ita u 040 $aSeMil$bita 245 10$aMemorie di un angelo custode :$bracconto. 250 $a3. ed. completamente rifatta / da don Giovanni Anghileri 264 1$aMilano :$bEdizione S.T.E.M.,$cstampa 1949. 300 $a124 p. ;$c19 cm. 700 1 $aAnghileri, Giovanni,$c.$0(OLS)http://semarc/name/28444 850 $aSeMil 852 $aSeMil$W1$xVenegono$y1$m1A I 195$j270932$B77578$CSeMilBibl$Z2$F79585 $81 961 $aOmaggio: Salvioni don Giuseppe 996 $6245$aMemorie di un angelo custode :$bracconto$9(OLS)http://semarc/title/180607 996 $6264$aMilano :$bEdizione S.T.E.M.$9(OLS)http://semarc/publisher/46184